Омбре.Над темрявою і світлом. (Запис № 17699)

000 -Маркер запису
Контрольне поле сталої довжини 02442nam a22002537a 4500
003 - Належність контрольного номера
Контрольне поле Uzh_bibl
008 - Кодовані дані
Контрольне поле сталої довжини 260511b |||||||| |||| 00| 0 ukr d
020 ## - Індекс ISBN
ISBN 978-966-948-064-4
Ціна 155.00
040 ## - Джерело каталогіз.
Код мови каталог. укр.
041 ## - Код мови видання
Код мови оригіналу українська
Код мови тексту українська
080 ## - Індекс УДК
Індекс УДК 821(477)
090 ## - Шифри
Поличний індекс 821(477)
Авторський знак П 32
100 ## - Автор
Автор Підгірна,Лора
245 ## - Назва
Назва Омбре.Над темрявою і світлом.
Фізичний носій Текст
260 ## - Вихідні дані
Місце видання Київ
Видавництво Видавнича група КМ-БУКС
Дата видання 2018
300 ## - Фізичний опис
Обсяг 352 с.
Тип одиниці В опр.
520 ## - Анотація
Анотація Кам’янець-Подільський, Україна. Архівний ревізор Едіта випадково знаходить вцілілі клейноди ордену лицарів Храму, однак на цю тему у місті накладено неофіційне табу, а знахідка веде її далі, до загадкового артефакту, який свого часу тамплієри привезли на Поділля. Із розгадкою таємниці Едіті допомагає католицький священик отець Люк.<br/><br/>За містичним артефактом полюють спецслужби й таємні товариства. Минуле та сьогодення переплітаються. Нитки, що пов’язували історії і долі багатьох людей у минулому, одна за одною тягнуться до тих, хто мешкає у Кам’янці-Подільському сьогодні. Старовинне підземелля Кам’янецького замку перетворюється на поле битви добра і зла. Герої проходять випробування, але чи ті, хто називає себе друзями, є такими насправді? Вірити можна тільки собі, бо ціною пошуків Чаші Омбре може стати власне життя…
521 ## - Примітка про цільове призначення
Примітка про цільове призначення Для широкого кола читачів
546 ## - Примітка про мову
Примітка про мову укр.
650 ## - Тематичні рубрики
Основна рубрика Літературно-художнє видання
653 ## - Ключові слова
Ключові слова Лицарі
-- Орден
-- Знахідка
-- Таємниці
-- Містичні артефакти
655 ## - Термін індексування — жанр/форма
Жанр/форма Проза
Типове ділення Історично-авантюрний роман
Географічне діленння Україна
942 ## - ADDED ENTRY ELEMENTS (KOHA)
Джерело класифікації чи схема поличного розташування
Koha item type Книги
Фонди
Статус вилучення Статус втрати/відсутності Джерело класифікації чи схема поличного розташування Статус пошкодження Тип обігу (не для випозичання) Постійне розташування Поточне розташування Розташування у відділі Дата надходження Інвентарний номер Total Checkouts Повний (примірниковий) шифр зберігання Штрих-код Date last seen Дата, для якої чинна ціна заміни Тип одиниці (рівень примірника)
          Бібліотека-філія №3 Бібліотека-філія №3 Абонемент старший відділ 11/05/2026 73310   821(477) 4239 11/05/2026 11/05/2026 Книги

Працює на АБІС Коха